ساندل بار (Record no. 68576)
[ view plain ]
| 000 -LEADER | |
|---|---|
| fixed length control field | 00414nam a22001577a 4500 |
| 005 - DATE AND TIME OF LATEST TRANSACTION | |
| control field | 20150401162310.0 |
| 008 - FIXED-LENGTH DATA ELEMENTS--GENERAL INFORMATION | |
| fixed length control field | 150401b xxu||||| |||| 00| 0 eng d |
| 020 ## - INTERNATIONAL STANDARD BOOK NUMBER | |
| International Standard Book Number | 9690008056 |
| 040 ## - CATALOGING SOURCE | |
| Transcribing agency | PK-LaUMT |
| 082 ## - DEWEY DECIMAL CLASSIFICATION NUMBER | |
| Classification number | KHC 306.0954914 |
| Item number | AHM-S |
| 100 ## - MAIN ENTRY--PERSONAL NAME | |
| Personal name | احمد غزالی |
| 245 ## - TITLE STATEMENT | |
| Title | ساندل بار |
| Statement of responsibility, etc | احمد غزالی |
| 260 ## - PUBLICATION, DISTRIBUTION, ETC. (IMPRINT) | |
| Place of publication, distribution, etc | لاہور |
| Name of publisher, distributor, etc | فیروز سنز |
| Date of publication, distribution, etc | [N.D] |
| 300 ## - PHYSICAL DESCRIPTION | |
| Extent | 312 ص |
| 942 ## - ADDED ENTRY ELEMENTS (KOHA) | |
| Koha item type | Books |
| Withdrawn status | Lost status | Damaged status | Home library | Current library | Date acquired | Full call number | Barcode | Date last seen | Price effective from | Koha item type |
|---|---|---|---|---|---|---|---|---|---|---|
| UMT Main Campus | UMT Main Campus | 2015-04-01 | KHC 306.0954914 AHM-S | 72918 | 2015-04-01 | 2015-04-01 | Books |
